000 01076nam a2200313 a 4500
001 BRCA_3633
003 FranzMayer
005 20230918131227.0
008 970527s1996 mx-a---##b---#000-0#spa-#
020 _a9709178105
040 _cMFM
041 _aspa
044 _amx
050 4 _aE141
_b.M66 1996
100 1 _aMompradé, Electra L.
_9939
245 1 0 _aImagen de América
_cElectra L. Mompradé, Tonatiúh Gutiérrez O. ; prólogo Elías Trabulse.
260 _aMéxico
_bTransportación Marítima Mexicana
_c1996
300 _a385 p.
_bil. (algunas a color), mapas
_c42 cm.
_euna hoja plegable
500 _aUn ejemplar en Anexo 1
500 _a2do. ejemplar en el Área de Investigación
504 _aBibliografía: p. 363-365
650 1 4 _aIndígenas
_xTrabajos Ilustrados
_91005
651 4 _aAmérica
_xTrabajos Ilustrados
_99426
651 4 _aAmérica
_xDescubrimiento y exploración
_9584
651 4 _aAmérica
_xDescripción y viajes
_99427
700 1 _aGutiérrez O., Tonatiúh
_d1929-
_99428
700 1 _aTrabulse, Elías
_9546
942 _2lcc
_cB
999 _c3368
_d3368